书目信息 |
| 题名: |
零基础学书法入门与提高
|
|
| 作者: | 张恒国 编著 | |
| 分册: | ||
| 出版信息: | 北京 化学工业出版社 2025.04 |
|
| 页数: | 164页 | |
| 开本: | 26cm | |
| 丛书名: | ||
| 单 册: | ||
| 中图分类: | J292.11 | |
| 科图分类: | ||
| 主题词: | 书法--中国--老年大学--教材 | |
| 电子资源: | ||
| ISBN: | 978-7-122-46728-7 | |
| 000 | 00982nam0 2200241 450 | |
| 001 | 013576769 | |
| 005 | 20251022194923.64 | |
| 010 | @a978-7-122-46728-7@dCNY49.80 | |
| 100 | @a20250424d2025 em y0chiy0120 ea | |
| 101 | 0 | @achi |
| 102 | @aCN@b110000 | |
| 105 | @aa z 000yy | |
| 106 | @ar | |
| 200 | 1 | @a零基础学书法入门与提高@9ling ji chu xue shu fa ru men yu ti gao@f张恒国编著 |
| 210 | @a北京@c化学工业出版社@d2025.04 | |
| 215 | @a164页@c图@d26cm | |
| 300 | @a老年大学实用教程 | |
| 330 | @a本书根据国内老年大学的课程设计,分为入门篇与提高篇两个部分,共32个课时。入门篇重点介绍了书法的工具与用法,并重点讲述了楷书、隶书的书法技巧,列出了大量的范例,以供读者临慕;提高篇,不但介绍了行书及篆书的书法技巧与大量范例,还介绍不同书法的创作方法,以满足对书法有更高要求的中老年朋友的需求。 | |
| 606 | 0 | @a书法@y中国@x老年大学@j教材 |
| 690 | @aJ292.11@v5 | |
| 701 | 0 | @a张恒国@9zhang heng guo@4编著 |
| 801 | 0 | @aCN@c20250908 |
| 905 | @a河南城建学院图书馆@dJ292.1@eZ111@ZZ111@f1 | |
| 零基础学书法入门与提高/张恒国编著.-北京:化学工业出版社,2025.04 |
| 164页:图;26cm |
| 老年大学实用教程 |
| ISBN 978-7-122-46728-7:CNY49.80 |
| 本书根据国内老年大学的课程设计,分为入门篇与提高篇两个部分,共32个课时。入门篇重点介绍了书法的工具与用法,并重点讲述了楷书、隶书的书法技巧,列出了大量的范例,以供读者临慕;提高篇,不但介绍了行书及篆书的书法技巧与大量范例,还介绍不同书法的创作方法,以满足对书法有更高要求的中老年朋友的需求。 |
| ● |
| 相关链接 |
|
|
|
正题名:零基础学书法入门与提高
索取号:J292.1/Z111
 
预约/预借
| 序号 | 登录号 | 条形码 | 馆藏地/架位号 | 状态 | 备注 |
| 1 | 1631711 | 216317117 | 社科库309/309社科库 79排1列4层/ [索取号:J292.1/Z111] | 在馆 |